Fundamentals Of Microeconomics (Record no. 41613)

MARC details
000 -LEADER
fixed length control field 00327nam a2200121Ia 4500
008 - FIXED-LENGTH DATA ELEMENTS--GENERAL INFORMATION
fixed length control field 241015s9999 xx 000 0 und d
041 ## - LANGUAGE CODE
Language code of text/sound track or separate title eng
082 ## - DEWEY DECIMAL CLASSIFICATION NUMBER
Classification number 338.5 DAN
100 ## - MAIN ENTRY--PERSONAL NAME
Personal name Cecilia Danton
245 ## - TITLE STATEMENT
Title Fundamentals Of Microeconomics
260 ## - PUBLICATION, DISTRIBUTION, ETC.
Name of publisher, distributor, etc. Murphy & Moore Publishing
Place of publication, distribution, etc. United Kingdom
Date of publication, distribution, etc. 2021
300 ## - PHYSICAL DESCRIPTION
Extent 236;. P. 25 cm

No items available.

Designed & Maintained by: LRC IMT Nagpur Contact: lrc@imtnag.ac.in© 2024. All Rights Reserved.